| 000 | 00991cam a22003013a 4500 | ||
|---|---|---|---|
| 001 | 392 | ||
| 003 | PGUSA | ||
| 005 | 20140828082947.0 | ||
| 008 | 960101s1996||||xxu|||||s|||||000 p eng d | ||
| 040 |
_aPGUSA _beng |
||
| 042 | _adc | ||
| 050 | 4 | _aPQ | |
| 100 | 1 |
_aTasso, Torquato, _d1544-1595 |
|
| 245 | 1 | 0 |
_aJerusalem Delivered _h[electronic resource] / _cTorquato Tasso |
| 260 |
_bProject Gutenberg, _c1996 |
||
| 500 | _aTranslation of: Gerusalemme Liberata | ||
| 506 | _aPublic domain in the USA. | ||
| 516 | _aElectronic text | ||
| 653 | _aEpic poetry, Italian -- Translations into English | ||
| 653 | _aJerusalem -- History -- Latin Kingdom, 1099-1244 -- Poetry | ||
| 653 | _aGodfrey, of Bouillon, approximately 1060-1100 -- Poetry | ||
| 653 | _aCrusades -- First, 1096-1099 -- Poetry | ||
| 700 | 1 |
_aFairfax, Edward, _d-1635 |
|
| 740 | 0 | _aGerusalemme liberata. English | |
| 830 | 0 |
_aProject Gutenberg _v392 |
|
| 856 | 4 | 0 | _uhttp://www.gutenberg.org/ebooks/392 |
| 942 | _cEB | ||
| 999 |
_c229743 _d229743 |
||